[Event "VIE-ch (Women)"]
[Site "Hanoi"]
[Date "2024.03.15"]
[Round "8"]
[White "Nguyen, Thi Mai Hung"]
[Black "Vu, Bui Thi Thanh Van"]
[Result "1-0"]
[WhiteElo "2218"]
[BlackElo "1875"]
[PlyCount "81"]
[EventDate "2024.03.11"]
[EventType "swiss"]
[EventRounds "9"]
[EventCountry "VIE"]
[SourceTitle "CB13_2024"]
[SourceDate "2024.03.27"]
[SourceVersion "1"]
[SourceVersionDate "2024.03.27"]
[SourceQuality "1"]

1. d4 f5 2. Bf4 Nf6 3. e3 e6 4. Nf3 g6 5. h3 Bg7 6. c4 d6 7. Nc3 Qe7 8. Be2 a6 9. Qc2 Nbd7 10. g4 b6 11. gxf5 exf5 12. 0-0-0 Bb7 13. d5 Nc5 14. Nd4 Nfe4 15. Nxe4 Nxe4 16. Bf3 Bxd4 17. Rxd4 Nc5 18. e4 fxe4 19. Bxe4 0-0-0 20. Bf3 Kb8 21. Qd2 Rde8 22. h4 Bc8 23. b4 Nd7 24. Kb2 Qf6 25. Qc3 Rhf8 26. Bd1 Rf7 27. Be3 Ne5 28. Kb3 Nf3 29. Rf4 Qxc3+ 30. Kxc3 Rxf4 31. Bxf4 Bg4 32. Be3 Re5 33. a4 Kb7 34. a5 Rh5 35. Ba4 Rxh4 36. Bc6+ Ka7 37. Ra1 Ne5 38. axb6+ cxb6 39. Bb5 Bc8 40. c5 bxc5 41. bxc5 1-0

[Event "VIE-ch (Women)"]
[Site "Hanoi"]
[Date "2024.03.14"]
[Round "6"]
[White "Nguyen, Thi Mai Hung"]
[Black "Nguyen, Ngoc Thuy Trang"]
[Result "0-1"]
[WhiteElo "2218"]
[BlackElo "1933"]
[PlyCount "94"]
[EventDate "2024.03.11"]
[EventType "swiss"]
[EventRounds "9"]
[EventCountry "VIE"]
[SourceTitle "CB13_2024"]
[SourceDate "2024.03.27"]
[SourceVersion "1"]
[SourceVersionDate "2024.03.27"]
[SourceQuality "1"]

1. d4 d5 2. Bf4 Nf6 3. e3 c5 4. Nc3 e6 5. Nb5 Na6 6. h3 Be7 7. Nf3 0-0 8. c3 Qb6 9. dxc5 Bxc5 10. Bd3 Bd7 11. a4 Bxb5 12. axb5 Nc7 13. Qe2 Bd6 14. Ne5 Bxe5 15. Bxe5 Nd7 16. Bxc7 Qxc7 17. 0-0 Ne5 18. Ra4 Nxd3 19. Qxd3 Rfc8 20. Rfa1 Qb6 21. Rh4 g6 22. Raa4 Rc5 23. Rab4 Rac8 24. Qe2 Qd8 25. Rhd4 Qb6 26. h4 h5 27. g3 Kg7 28. e4 dxe4 29. Qxe4 Rf5 30. Kg2 Rcc5 31. c4 a6 32. f4 axb5 33. Rd7 Qc6 34. Qxc6 bxc6 35. cxb5 Rxb5 36. Rxb5 Rxb5 37. Rd2 Kf6 38. Rc2 c5 39. Kf3 Kf5 40. Rc3 f6 41. b3 e5 42. fxe5 fxe5 43. Ke3 e4 44. Kf2 Ke5 45. Ke3 Kd5 46. Kf4 Rb6 47. Ke3 Rf6 0-1

[Event "VIE-ch (Women)"]
[Site "Hanoi"]
[Date "2024.03.12"]
[Round "3"]
[White "Nguyen, Ha Khanh Linh"]
[Black "Nguyen, Thi Mai Hung"]
[Result "1/2-1/2"]
[WhiteElo "1855"]
[BlackElo "2218"]
[PlyCount "73"]
[EventDate "2024.03.11"]
[EventType "swiss"]
[EventRounds "9"]
[EventCountry "VIE"]
[SourceTitle "CB13_2024"]
[SourceDate "2024.03.27"]
[SourceVersion "1"]
[SourceVersionDate "2024.03.27"]
[SourceQuality "1"]

1. d4 d5 2. c4 c6 3. Nc3 Nf6 4. e3 e6 5. Nf3 Nbd7 6. Qc2 Bd6 7. b3 0-0 8. Be2 e5 9. cxd5 cxd5 10. dxe5 Nxe5 11. Bb2 Nxf3+ 12. Bxf3 d4 13. exd4 Re8+ 14. Kf1 Qa5 15. h3 Bf5 16. Qd2 Bb4 17. a3 Bxc3 18. Bxc3 Qb5+ 19. Kg1 Qxb3 20. d5 Ne4 21. Bxe4 Bxe4 22. d6 Qe6 23. Kh2 Rad8 24. Rad1 Qg6 25. f3 Bc6 26. Qf4 Re2 27. Qg3 Qxg3+ 28. Kxg3 Re6 29. Bb4 b6 30. Rc1 Be8 31. Rhe1 a5 32. Rxe6 fxe6 33. Bc3 Rxd6 34. Be5 Rd5 35. Bb2 Rd2 36. Be5 Rd5 37. Bb2 1/2-1/2

[Event "Asia zt 3.3 (Women)"]
[Site "Jakarta"]
[Date "2023.05.10"]
[Round "7"]
[White "Nguyen, Thi Mai Hung"]
[Black "Hoang, Thi Bao Tram"]
[Result "1-0"]
[WhiteElo "2193"]
[BlackElo "2277"]
[PlyCount "95"]
[EventDate "2023.05.06"]
[EventType "swiss"]
[EventRounds "9"]
[EventCountry "INA"]
[SourceTitle "CBM 214 Extra"]
[Source "ChessBase"]
[SourceDate "2023.07.31"]
[SourceVersion "1"]
[SourceVersionDate "2023.07.31"]
[SourceQuality "1"]

1. d4 Nf6 2. Nf3 g6 3. Bf4 Bg7 4. e3 d6 5. h3 0-0 6. c3 Nfd7 7. e4 e5 8. dxe5 dxe5 9. Bg5 Bf6 10. Bxf6 Qxf6 11. Nbd2 Nc5 12. Bc4 a6 13. 0-0 b5 14. Bd5 c6 15. Bb3 Nd3 16. Qc2 Nf4 17. c4 b4 18. c5 a5 19. Rfe1 Nd7 20. Re3 Ba6 21. Bc4 Qe7 22. Rc1 Rfb8 23. a4 bxa3 24. Rxa3 Bxc4 25. Nxc4 Qxc5 26. g3 Ne6 27. Qd2 Rd8 28. Nxa5 Ndf8 29. Qe1 Qb5 30. Nxc6 Rxa3 31. bxa3 Rd3 32. Qf1 Qb2 33. Nfxe5 Rc3 34. Rxc3 Qxc3 35. Qd3 Qc5 36. Qf3 f5 37. exf5 Ng5 38. Qg4 Nf7 39. fxg6 hxg6 40. Nxg6 Nxg6 41. Qxg6+ Kf8 42. Qf6 Kg8 43. Ne7+ Kf8 44. Nc6 Kg8 45. a4 Qh5 46. Kg2 Qd5+ 47. Kh2 Qc5 48. a5 1-0

[Event "VIE-ch (Women)"]
[Site "Vung Tau"]
[Date "2023.03.05"]
[Round "5"]
[White "Dao, Thien Kim"]
[Black "Nguyen, Thi Mai Hung"]
[Result "0-1"]
[WhiteElo "1807"]
[BlackElo "2251"]
[PlyCount "98"]
[EventDate "2023.03.03"]
[EventType "swiss"]
[EventRounds "9"]
[EventCountry "VIE"]
[SourceTitle "EXT 2024"]
[Source "ChessBase"]
[SourceDate "2023.10.10"]
[SourceVersion "1"]
[SourceVersionDate "2023.10.10"]
[SourceQuality "1"]

1. e4 e6 2. d4 d5 3. exd5 exd5 4. Nf3 Bd6 5. Bd3 Nc6 6. 0-0 Bg4 7. c3 Nge7 8. Nbd2 Qd7 9. b4 0-0 10. Qc2 Bf5 11. Re1 f6 12. Nf1 a6 13. Ne3 Bxd3 14. Qxd3 Rfe8 15. Bd2 Nd8 16. g3 Nf7 17. a4 c6 18. a5 Bc7 19. Ng2 g5 20. Be3 Kg7 21. Re2 Nd6 22. Rae1 Qf5 23. Qxf5 Nexf5 24. Rc2 Nb5 25. Nd2 b6 26. axb6 Bxb6 27. Nb3 a5 28. bxa5 Bxa5 29. Rec1 Bb6 30. g4 Nfd6 31. Ne1 Nc4 32. Ng2 Re7 33. Nd2 Nbd6 34. Nxc4 Nxc4 35. Rb1 Rea7 36. Rcc1 Ra3 37. h4 h6 38. hxg5 hxg5 39. f4 Kg6 40. fxg5 fxg5 41. Bf2 Re8 42. Ne3 Ba5 43. Nxc4 dxc4 44. Re1 Rxe1+ 45. Rxe1 Kf7 46. Re5 Ra1+ 47. Kg2 Bxc3 48. Rc5 Ra2 49. Kf3 Rxf2+ 0-1

[Event "VIE-ch (Women)"]
[Site "Vung Tau"]
[Date "2023.03.03"]
[Round "1"]
[White "Bui, Thi Diep Anh"]
[Black "Nguyen, Thi Mai Hung"]
[Result "0-1"]
[WhiteElo "1756"]
[BlackElo "2251"]
[PlyCount "52"]
[EventDate "2023.03.03"]
[EventType "swiss"]
[EventRounds "9"]
[EventCountry "VIE"]
[SourceTitle "EXT 2024"]
[Source "ChessBase"]
[SourceDate "2023.10.10"]
[SourceVersion "1"]
[SourceVersionDate "2023.10.10"]
[SourceQuality "1"]

1. e4 e6 2. d4 d5 3. Nd2 Nf6 4. e5 Nfd7 5. f4 c5 6. Ndf3 Nc6 7. c3 Qc7 8. Bd3 b6 9. Ne2 a5 10. f5 exf5 11. Bxf5 Ndxe5 12. Nxe5 Bxf5 13. 0-0 Be6 14. Qa4 Bd7 15. Nxd7 Qxd7 16. Qb3 Be7 17. Bf4 0-0 18. Qxb6 a4 19. Rae1 Rfc8 20. b3 Na5 21. bxa4 Qxa4 22. Nc1 Bf8 23. Qb2 cxd4 24. cxd4 Rc2 25. Qb6 Bb4 26. Rd1 Rc6 0-1

[Event "Asian Continental op (Women) 19th"]
[Site "Delhi"]
[Date "2022.11.02"]
[Round "8"]
[White "Nguyen, Thi Mai Hung"]
[Black "Isha, Sharma"]
[Result "1/2-1/2"]
[WhiteElo "2217"]
[BlackElo "2234"]
[PlyCount "83"]
[EventDate "2022.10.26"]
[EventType "swiss"]
[EventRounds "9"]
[EventCountry "IND"]
[SourceTitle "EXT 2024"]
[Source "ChessBase"]
[SourceDate "2023.10.10"]
[SourceVersion "1"]
[SourceVersionDate "2023.10.10"]
[SourceQuality "1"]

1. d4 Nf6 2. Nf3 e6 3. e3 d5 4. c4 Be7 5. Nbd2 0-0 6. Bd3 c5 7. 0-0 Nc6 8. b3 cxd4 9. exd4 dxc4 10. Nxc4 Nb4 11. Bb1 Bd7 12. Nfe5 Bb5 13. Bb2 Rc8 14. Qf3 Ba6 15. Rd1 Nbd5 16. Bd3 Nb4 17. Bf1 b5 18. Ne3 Qb6 19. a3 Nc2 20. Rac1 Nxe3 21. fxe3 Bb7 22. Qf4 a5 23. Bd3 Bd5 24. Rf1 Qb7 25. Qg3 Bxb3 26. Qh4 h6 27. Ng4 Nxg4 28. Qxg4 Bg5 29. Rxc8 Rxc8 30. e4 Bc4 31. Qe2 Bxd3 32. Qxd3 Qc6 33. d5 exd5 34. exd5 Qc4 35. Qf5 Rc7 36. Qe5 Bf6 37. Rxf6 gxf6 38. Qxf6 Qc5+ 39. Kf1 Qc4+ 40. Kg1 Qc5+ 41. Kf1 Qc4+ 42. Kg1 1/2-1/2

[Event "Titled Tuesday intern op 18th Oct Early"]
[Site "Chess.com INT"]
[Date "2022.10.18"]
[Round "6"]
[White "Nguyen, Thi Mai Hung"]
[Black "Dwilewicz, Katarzyna"]
[Result "1/2-1/2"]
[WhiteElo "2217"]
[BlackElo "2123"]
[PlyCount "113"]
[EventDate "2022.10.18"]
[EventType "swiss (blitz)"]
[EventRounds "11"]
[EventCountry "USA"]
[SourceTitle "EXT 2024"]
[Source "ChessBase"]
[SourceDate "2023.10.10"]
[SourceVersion "1"]
[SourceVersionDate "2023.10.10"]
[SourceQuality "1"]

1. d4 d5 2. Nf3 Nf6 3. Bf4 g6 4. e3 Bg7 5. Bd3 c6 6. 0-0 0-0 7. c4 dxc4 8. Bxc4 Nbd7 9. Nc3 Nb6 10. Bb3 Nbd5 11. Be5 h6 12. Rc1 Be6 13. Qe2 Nxc3 14. bxc3 Bxb3 15. axb3 a5 16. c4 Qd7 17. Rfd1 Rfd8 18. h3 Ne4 19. Bxg7 Kxg7 20. Ne5 Qe6 21. Qb2 f6 22. Nd3 b6 23. d5 cxd5 24. Nf4 Qf7 25. Nxd5 Rd6 26. f3 Nc5 27. e4 Rad8 28. e5 Rc6 29. exf6+ exf6 30. Rd2 Re6 31. Rcd1 Rde8 32. Kf2 h5 33. b4 axb4 34. Qxb4 Qb7 35. Qb5 Qc6 36. Rb1 Rc8 37. Nxb6 Qxb5 38. Rxb5 Rb8 39. Nd7 Rxb5 40. cxb5 Nxd7 41. Rxd7+ Kh6 42. Rd5 g5 43. Rc5 Kg6 44. Rc6 Re5 45. b6 Rb5 46. Kg3 h4+ 47. Kf2 Rb2+ 48. Kg1 Kf5 49. Rd6 Ke5 50. Rc6 Kf5 51. Kh2 Ke5 52. Kh1 Kf5 53. Rc5+ Ke6 54. Rc6+ Ke5 55. Kg1 Rb1+ 56. Kf2 Rb2+ 57. Kg1 1/2-1/2

[Event "Titled Tuesday intern op 18th Oct Early"]
[Site "Chess.com INT"]
[Date "2022.10.18"]
[Round "2"]
[White "Nguyen, Thi Mai Hung"]
[Black "Vachylya, Andriy"]
[Result "1-0"]
[WhiteElo "2217"]
[BlackElo "2274"]
[PlyCount "174"]
[EventDate "2022.10.18"]
[EventType "swiss (blitz)"]
[EventRounds "11"]
[EventCountry "USA"]
[SourceTitle "EXT 2024"]
[Source "ChessBase"]
[SourceDate "2023.10.10"]
[SourceVersion "1"]
[SourceVersionDate "2023.10.10"]
[SourceQuality "1"]

1. d4 Nf6 2. Nf3 e6 3. e3 c5 4. Bd3 d5 5. b3 Be7 6. 0-0 0-0 7. Bb2 cxd4 8. exd4 b6 9. Nbd2 Bb7 10. Qe2 Nbd7 11. Ne5 Nxe5 12. dxe5 Nd7 13. c4 Nc5 14. Bc2 d4 15. Bd3 f6 16. f4 fxe5 17. fxe5 Bg5 18. Rxf8+ Qxf8 19. Rf1 Be3+ 20. Kh1 Qe7 21. Nf3 Rd8 22. Bc1 Bxc1 23. Rxc1 Bxf3 24. Qxf3 Rf8 25. Qh3 g6 26. Rd1 Qg5 27. Qg3 Qe3 28. Qxe3 dxe3 29. Be2 Rf2 30. Re1 Nd7 31. Kg1 Nxe5 32. a3 Kg7 33. Bf1 Ng4 34. h3 Nf6 35. Rxe3 Rb2 36. Rxe6 Rxb3 37. Re7+ Kh6 38. Rxa7 Kg5 39. Ra6 Ne4 40. a4 Kf4 41. a5 bxa5 42. Rxa5 Rb1 43. Ra2 Ng3 44. Rf2+ Ke4 45. Rf3 Nf5 46. Kh2 Rd1 47. g4 Nd4 48. Rf7 h6 49. Bg2+ Ke3 50. Rf6 Ne2 51. Rxg6 Nf4 52. Rg8 Rd2 53. Re8+ Kf2 54. Bb7 Kf1+ 55. Kg3 Ne2+ 56. Kh4 Rc2 57. Re6 Rxc4 58. Ba6 Rc2 59. Rxh6 Kf2 60. Rf6+ Kg2 61. Bxe2 Rxe2 62. Rf4 Re3 63. Kg5 Rxh3 64. Kf6 Kg3 65. Ra4 Rh4 66. Kf5 Rh8 67. g5 Rf8+ 68. Kg6 Kf3 69. Kh7 Rf7+ 70. Kh6 Rc7 71. g6 Rc1 72. Kh7 Rh1+ 73. Kg8 Rg1 74. g7 Ke3 75. Ra7 Ke4 76. Kh7 Rh1+ 77. Kg6 Rg1+ 78. Kh5 Rh1+ 79. Kg6 Rg1+ 80. Kf7 Rf1+ 81. Ke8 Rg1 82. Kf8 Rf1+ 83. Rf7 Rb1 84. g8Q Rb8+ 85. Kg7 Rb5 86. Qe8+ Re5 87. Qxe5+ Kxe5 1-0

[Event "Olympiad Women-44"]
[Site "Chennai"]
[Date "2022.07.31"]
[Round "3.3"]
[White "Kiolbasa, Oliwia"]
[Black "Nguyen, Thi Mai Hung"]
[Result "1-0"]
[WhiteElo "2376"]
[BlackElo "2223"]
[PlyCount "149"]
[EventDate "2022.07.29"]
[EventType "team-swiss"]
[EventRounds "11"]
[EventCountry "IND"]
[SourceTitle "CBM 210"]
[Source "ChessBase"]
[SourceDate "2022.10.31"]
[SourceVersion "1"]
[SourceVersionDate "2022.10.31"]
[SourceQuality "1"]
[WhiteTeam "Poland (W)"]
[BlackTeam "Vietnam (W)"]
[WhiteTeamCountry "POL"]
[BlackTeamCountry "VIE"]

1. e4 e6 2. d4 d5 3. e5 c5 4. c3 Qb6 5. Nf3 Bd7 6. Bd3 cxd4 7. 0-0 Bb5 8. Bxb5+ Qxb5 9. cxd4 Qa6 10. Nc3 Nc6 11. Bd2 Nge7 12. a4 Nf5 13. Nb5 Rc8 14. Qb3 Be7 15. Rfc1 0-0 16. g4 Nh4 17. Nxh4 Bxh4 18. g5 Ne7 19. Nd6 Qe2 20. Qe3 Qg4+ 21. Kh1 Nf5 22. Nxf5 Qxf5 23. f3 f6 24. gxf6 gxf6 25. Qf4 Qxf4 26. Bxf4 Bf2 27. Bh6 Rfe8 28. Rg1+ Bxg1 29. Rxg1+ Kh8 30. Bg7+ Kg8 31. Bh6+ Kh8 32. exf6 Rc7 33. Bf4 Rf7 34. Rc1 h6 35. Be5 Kh7 36. Kg2 Rg8+ 37. Kf2 Rd7 38. b4 a6 39. b5 axb5 40. axb5 Rf7 41. h4 h5 42. Ke3 Rg2 43. Kf4 Rg8 44. b6 Kh6 45. Ke3 Rg2 46. Rc8 Rb2 47. Bf4+ Kh7 48. Bg5 Rxb6 49. Kf4 Rb2 50. Ke5 Re2+ 51. Kd6 Kg6 52. Rg8+ Kf5 53. Rg7 Rxf6 54. Ke7 e5 55. Bxf6 exd4+ 56. Kf7 d3 57. Rg5+ Kf4 58. Rxd5 d2 59. Rd3 b5 60. Bg5+ Kg3 61. Kg6 b4 62. Rxd2 Rxd2 63. Bxd2 b3 64. Bc3 Kxh4 65. f4 Kg4 66. f5 h4 67. f6 h3 68. f7 h2 69. f8Q h1Q 70. Qf5+ Kg3 71. Be5+ Kg2 72. Qe4+ Kg1 73. Qe1+ Kg2 74. Qe2+ Kh3 75. Kh5 1-0

[Event "World op 50th"]
[Site "Philadelphia"]
[Date "2022.07.01"]
[Round "3"]
[White "Nguyen, Thi Mai Hung"]
[Black "Tang, Andrew"]
[Result "1/2-1/2"]
[WhiteElo "2223"]
[BlackElo "2513"]
[PlyCount "192"]
[EventDate "2022.06.30"]
[EventType "swiss"]
[EventRounds "9"]
[EventCountry "USA"]
[SourceTitle "CBM 209 Extra"]
[Source "ChessBase"]
[SourceDate "2022.09.30"]
[SourceVersion "1"]
[SourceVersionDate "2022.09.30"]
[SourceQuality "1"]

1. d4 d5 2. Nf3 Nf6 3. Bf4 e6 4. e3 Bd6 5. Bg3 0-0 6. Nbd2 c5 7. c3 Qc7 8. Bd3 Nbd7 9. 0-0 Bxg3 10. hxg3 b6 11. Rc1 e5 12. e4 Bb7 13. exd5 Bxd5 14. dxe5 Nxe5 15. Nxe5 Qxe5 16. Re1 Qg5 17. Ne4 Bxe4 18. Bxe4 Rad8 19. Qf3 Rfe8 20. Bc2 Rxe1+ 21. Rxe1 g6 22. Rd1 Re8 23. Bd3 Kg7 24. Bb5 Re5 25. Qf4 Qh5 26. f3 Nd5 27. Qd2 Nf6 28. Qf4 Nd5 29. Qd2 Nc7 30. Bc4 b5 31. Qd7 bxc4 32. Qxc7 Qf5 33. Qd7 Qc2 34. Qd2 Qa4 35. Re1 Rf5 36. a3 Qc6 37. Re7 a6 38. Qe2 Qd6 39. f4 Rd5 40. Re8 Qd7 41. Qe7 Qxe7 42. Rxe7 Kf6 43. Re4 Kf5 44. Rxc4 Kg4 45. Re4 f6 46. f5+ Kxf5 47. Ra4 Rd2 48. Rxa6 Rxb2 49. Ra5 Kg4 50. Kh2 Ra2 51. Rxc5 Rxa3 52. Rc7 h6 53. Rc4+ Kg5 54. Rc5+ f5 55. Rc6 Ra2 56. Rc5 Rc2 57. Rc6 Kh5 58. Rc5 Rd2 59. Kh3 Kg5 60. Rc4 Re2 61. Rc5 h5 62. Rc6 Re3 63. Kh2 Re4 64. Kh3 Rg4 65. Kh2 Kh6 66. Rc7 Re4 67. Rc6 Kg7 68. Kg1 Re2 69. Kf1 Rc2 70. Kg1 Kh6 71. Kh2 Kg5 72. Kg1 Re2 73. Kh2 Re1 74. Rd6 Re8 75. Rc6 Rg8 76. Kh3 Kh6 77. Kh2 Re8 78. Kg1 Kg7 79. Kf2 g5 80. Rc7+ Kf6 81. Rc6+ Ke5 82. Rh6 Rc8 83. Rxh5 g4 84. Rh7 Rxc3 85. Re7+ Kf6 86. Re2 f4 87. gxf4 g3+ 88. Kf1 Kf5 89. Re8 Rc2 90. Rf8+ Ke4 91. Re8+ Kd3 92. Rd8+ Ke3 93. Re8+ Kxf4 94. Rf8+ Ke4 95. Re8+ Kf4 96. Rf8+ Ke4 1/2-1/2

[Event "Speed Chess (Women) Q2"]
[Site "Chess.com INT"]
[Date "2022.05.26"]
[Round "9"]
[White "Nguyen, Thi Mai Hung"]
[Black "Stefanova, Antoaneta"]
[Result "0-1"]
[WhiteElo "2223"]
[BlackElo "2458"]
[PlyCount "72"]
[EventDate "2022.05.26"]
[EventType "swiss (blitz)"]
[EventRounds "14"]
[EventCountry "USA"]
[SourceTitle "CBM 208 Extra"]
[Source "ChessBase"]
[SourceDate "2022.07.31"]
[SourceVersion "1"]
[SourceVersionDate "2022.07.31"]
[SourceQuality "1"]

1. d4 d5 2. Nf3 e6 3. Bf4 Bd6 4. Bg3 Nf6 5. e3 c5 6. Nbd2 Qc7 7. c4 Bxg3 8. hxg3 cxd4 9. exd4 Nc6 10. Rc1 h6 11. c5 0-0 12. Bd3 e5 13. dxe5 Nxe5 14. Nxe5 Qxe5+ 15. Qe2 Qxb2 16. 0-0 Bg4 17. f3 Qd4+ 18. Kh2 Rfe8 19. Nb3 Qb4 20. Qf2 Bd7 21. Nd4 Rac8 22. Nf5 Bxf5 23. Bxf5 Rc7 24. Rc2 d4 25. Rfc1 Rd8 26. Rc4 Qa3 27. Rxd4 Re8 28. Rdc4 g6 29. Bb1 Nd5 30. Qd4 Ne3 31. R4c3 Qb2 32. Qd3 Nf5 33. Rb3 Qxc1 34. g4 Qf4+ 35. Kg1 Re1+ 36. Kf2 Qg3# 0-1

[Event "SEA Blitz (Women) Team 31st"]
[Site "Ha Long"]
[Date "2022.05.21"]
[Round "3.2"]
[White "Nguyen, Thi Mai Hung"]
[Black "Mendoza, Shania Mae"]
[Result "1-0"]
[WhiteElo "2223"]
[BlackElo "2135"]
[PlyCount "125"]
[EventDate "2022.05.21"]
[EventType "team-tourn (blitz)"]
[EventRounds "5"]
[EventCountry "VIE"]
[SourceTitle "CBM 208 Extra"]
[Source "ChessBase"]
[SourceDate "2022.07.31"]
[SourceVersion "1"]
[SourceVersionDate "2022.07.31"]
[SourceQuality "1"]
[WhiteTeam "Vietnam"]
[BlackTeam "Philippines"]
[WhiteTeamCountry "VIE"]
[BlackTeamCountry "PHI"]

1. d4 d5 2. Nf3 Nf6 3. Bf4 c5 4. e3 Qb6 5. b3 Nc6 6. c3 g6 7. Bd3 Bg7 8. 0-0 0-0 9. Nbd2 Nd7 10. Rc1 e5 11. dxe5 Ncxe5 12. Be2 Re8 13. Qc2 Nxf3+ 14. Nxf3 Nf6 15. c4 Bf5 16. Bd3 Bxd3 17. Qxd3 Rad8 18. Rfd1 h6 19. h3 Qe6 20. Qc2 b6 21. Be5 dxc4 22. Qxc4 Qxc4 23. bxc4 Ne4 24. Bxg7 Kxg7 25. Kf1 f5 26. Ke1 Kf6 27. Ng1 Ke6 28. Ne2 g5 29. Nc3 Nxc3 30. Rxc3 Rxd1+ 31. Kxd1 Rd8+ 32. Ke2 Rd7 33. g3 Ke5 34. Rc2 Rd6 35. Rc3 Rd7 36. Ra3 Ke6 37. f3 Ke5 38. Rc3 Ke6 39. g4 fxg4 40. hxg4 Ke5 41. Rc1 a6 42. Rh1 Rd6 43. Rb1 Ke6 44. a4 Kd7 45. Rh1 Kc7 46. Rb1 Kc6 47. Rb2 Kc7 48. Rc2 Kc6 49. Rc1 Kc7 50. Rb1 Kc6 51. Rb2 Kc7 52. Rb3 Kc6 53. Rb1 Kc7 54. Rh1 Kc6 55. Rc1 Kc7 56. f4 Kd7 57. f5 Ke7 58. Kf3 Kf6 59. Ke4 Ke7 60. Rb1 Kf7 61. Ke5 Ke7 62. Rb2 Rc6 63. a5 1-0